00470cam a2200145Ia 4500020001500000020001800015040000800033082002600041245010500067250001800172300004500190650002700235700002100262710004100283 a0804821143 a9780804821148 cUOK04a070 REP 1945 C150 Or.00aForeign correspondents in Japan :breporting a half century of upheavals, from 1945 to the present / aFirst edition axvi, 367 pages :billustrations ;c24 cm 0aForeign correspondents1 aPomeroy, Charles2 aForeign Correspondents Club of Japan